| 000 | 00927nam a2200217Ia 4500 | ||
|---|---|---|---|
| 001 | 5231 | ||
| 003 | GE_BSU | ||
| 008 | 181216s||||||||xx |||||||||||||| ||und|| | ||
| 040 | _cGE_BSU | ||
| 080 | _a681.2(075.8) | ||
| 100 | _aხვინგია,მ. | ||
| 245 | _aზუსტი მექანიზმებისა და ხელსაწყოების ნაწილები | ||
| 245 | _bნაწ.1 დრეკადი ელემენტები, დამხმარე ნაწილები, გადაცემები | ||
| 245 | _cრედ.ო.ეზიკაშვილი | ||
| 260 | _aთბილისი | ||
| 260 | _bსაქ. პოლიტ.ინს-ტი | ||
| 260 | _c1960 | ||
| 300 | _a409გვ.ილ.22სმ. | ||
| 653 | _aზუსტი მექანიზმებისა და ხელსაწყოების ნაწილები | ||
| 942 | _cBK | ||
| 999 |
_c38824 _d38824 |
||